00973nam a22001337a 4500003000400000020001800004082001200022100001600034245003000050260003300080300000800113650001600121653070200137SGT a9788180522758 a658,MOS aMOSHAL B.S. aPRINCIPLES OF MANAGEMENT  aNEW DELHI bANE BOOKS c2009 a548 aMANAGEMENT  aCONCEPTUAL FRAMEWORK OF MANAGEMENT, MANAGEMENT PROCESS, ROLES AND FUNCTIONAL AREAS, ORGANISATION AND MANAGEMENT: HISTORICAL PERSPECTIVE, PLANNING FUNCTION OF MANAGEMENT, PLANS: TYPES AND TECHNIQUES, BUSINESS POLICY AND STRATEGY FORMULATION, DECISION MAKING IN AN ORGANISATION, ORGANISATIONAL DESIGN AND PROCESS, HORIZONTAL DIMENSION: DEPARTMENTALISATION, VERTICAL DIMENSION: AUTHORITY AND ITS DELEGATION, ORGANISATIONAL STRUCTURES, MOTIVATING PEOPLE AT WORK, LEADERSHIP IN AN ORGANISATION, COMMUNICATION NETWORK IN AN ORGANISATION, CONTROLLING PROCESS IN AN ORGANISATION, CONTROLLING TECHNIQUES AND COORDINATION, MANAGEMENT OF ORGANISATIONAL CHANGE AND DEVELOPMENT, MANAGEMENT CASE STUDY METHOD.